000 00484nam a2200145Ia 4500
008 100122s9999 xx 000 0 und d
082 _b40666
_a301.242
100 _aढसाळ नामदेव
245 _aनिगेटिव्ह स्पेस
260 _bप्रियदर्शी प्रकाशन
_c1987
300 _a83
630 _aनिगेटिव्ह स्पेस
730 _aनिगेटिव्ह स्पेस
942 _cBOOK
999 _c421506
_d421503